Вып. 68; Радиотехника

Bibliografski detalji
Parent link:Радиотехника: республиканский межведомственный научно-технический сборник/ Харьковский институт радиоэлектроники им. М. К. Янгеля. Вып. 68.— , 1965-
Daljnji autori: Терещенко А. И. (редактор)
Jezik:ruski
Izdano: 1984
Teme:
Format: Knjiga
KOHA link:https://koha.lib.tpu.ru/cgi-bin/koha/opac-detail.pl?biblionumber=284398

MARC

LEADER 00000nam2a2200000 4500
001 284398
005 20231101235706.0
035 |a (RuTPU)RU\TPU\book\308558 
035 |a RU\TPU\book\289573 
035 |a RU\TPU\book\302708 
090 |a 284398 
100 |a 20141219d1984 k y0rusy5003 ca 
101 0 |a rus 
102 |a UA 
105 |a a z 001zy 
200 0 |a Вып. 68  |f отв. ред. А. И. Терещенко 
210 |d 1984 
215 |a 130 с.  |c ил. 
320 |a Библиография в конце статей 
461 1 |0 (RuTPU)RU\TPU\book\70383  |t Радиотехника  |o республиканский межведомственный научно-технический сборник  |f Харьковский институт радиоэлектроники им. М. К. Янгеля  |v Вып. 68  |d 1965- 
606 1 |a Радиотехника  |2 stltpush  |3 (RuTPU)RU\TPU\subj\71345  |9 85301 
606 1 |a Радиосвязь  |2 stltpush  |3 (RuTPU)RU\TPU\subj\68248  |9 83682 
610 1 |a электроника 
610 1 |a электронные приборы 
610 1 |a измерительные приборы 
610 1 |a радиосигналы 
610 1 |a волноводы 
610 1 |a сигналы 
610 1 |a спектральные характеристики 
610 1 |a метрология 
610 1 |a ЭВМ 
610 1 |a алгоритмы 
610 1 |a лазеры 
610 1 |a рефлектометрия 
675 |a 621.37  |v 4 
675 |a 621.396  |v 4 
702 1 |a Терещенко  |b А. И.  |4 340 
801 0 |a RU  |b RuMRKP  |c 19950704  |g psbo 
801 1 |a RU  |b 63413507  |c 20150214 
801 2 |a RU  |b 63413507  |c 20170530  |g RCR 
942 |c BK